| 000 | 00658nam a2200193 a 4500 | ||
|---|---|---|---|
| 001 | 1763 | ||
| 005 | 20140414131923.0 | ||
| 008 | 001218s19uu xx 00 eng d | ||
| 020 | _a0-88708-185-1 | ||
| 050 |
_aER _bSi5 1991 |
||
| 100 | _aTharlet, Eve | ||
| 245 |
_aSimon and the holy night / _cEve Tharlet ; translated by Andrew Clements. |
||
| 260 |
_aSaxonville, Ma. : _bPicture Book Studio, _c1991. |
||
| 300 | _a1 v. p. : ill. ; cm. | ||
| 520 | _aRelates how a little shepherd boy comes to witness the events surrounding the birth of Jesus Christ. | ||
| 650 |
_aShepherds _xFiction. |
||
| 650 |
_aJesus Christ _xNativity _xFiction. |
||
| 999 |
_c111871 _d111871 |
||